Tributaries and Peripheries of the Ottoman Empire /

Tributaries and Peripheries of the Ottoman Empire offers twelve studies on the relationship between Ottoman tributaries with each other in the imperial framework, as well as with neighboring border provinces of the empire's core territories from the fifteenth to the eighteenth centuries. A vari...

وصف كامل

محفوظ في:

مؤلفون آخرون: Kármán, Gábor (المحرر)

التنسيق: كتاب الكتروني

اللغة: English

منشور في: Leiden; Boston : BRILL, 2020.

سلاسل: The Ottoman Empire and its Heritage ; 70.
Middle East and Islamic Studies E-Books Online, Collection 2020, ISBN: 9789004405868.

الموضوعات:

الوصول للمادة أونلاين: Login to view Source

الوسوم: إضافة وسم

لا توجد وسوم, كن أول من يضع وسما على هذه التسجيلة!

رقم الطلب: DJK45.T9

LEADER 03190nam a22005291i 4500
001 BRILL9789004430600
003 nllekb
005 20211118222146.0
006 m d
007 cr un uuuua
008 200527s2020 ne sb 001 0 eng d
010 |a  2020020274 
020 |a 9789004430600  |q (electronic book) 
020 |a 9789004430549  |q (print) 
024 7 |a 10.1163/9789004430600  |2 DOI 
035 |z (OCoLC)1143619729 
040 |a NL-LeKB  |c NL-LeKB  |e rda 
043 |a a-tu---  |a ee----- 
050 0 0 |a DJK45.T9 
072 7 |a HBJF1  |2 bicssc 
072 7 |a HIS  |x 026000  |2 bisacsh 
072 7 |a HIS  |x 003000  |2 bisacsh 
082 0 0 |a 327.4705609/03  |2 23 
245 1 0 |a Tributaries and Peripheries of the Ottoman Empire /  |c edited by Gábor Kármán. 
264 1 |a Leiden;   |a Boston :   |b BRILL,   |c 2020. 
300 |a 1 online resource. 
336 |a text  |b txt  |2 rdacontent 
337 |a computer  |b c  |2 rdamedia 
338 |a online resource  |2 rdacarrier 
490 1 |a The Ottoman Empire and its Heritage ;  |v 70 
490 1 |a Middle East and Islamic Studies E-Books Online, Collection 2020, ISBN: 9789004405868 
504 |a Includes bibliographic references and index. 
520 |a Tributaries and Peripheries of the Ottoman Empire offers twelve studies on the relationship between Ottoman tributaries with each other in the imperial framework, as well as with neighboring border provinces of the empire's core territories from the fifteenth to the eighteenth centuries. A variety of surveys related to the Cossack Ukraine, the Crimean Khanate, Dagestan, Moldavia, Ragusa, Transylvania, Upper Hungary and Wallachia allow the reader to see hitherto less known subtleties of the Ottoman administration's hierarchic structures and the liberties and restrictions of the office-holders' power. They also shed light upon the strategies of coalition-building among the elites of the tributaries as well as the core provinces of the border zones, which determined their cooperation, but also the competition between them. Contributors include: János B. Szabó, Ovidiu Cristea, Tetiana Grygorieva, Klára Jakó, Gábor Kármán, Dariusz Kołodziejczyk, Natalia Królikowska-Jedlińska, Erica Mezzoli, Viorel Panaite, Radu G. Păun, Ruža Radoš Ćurić, Balázs Sudár, Michał Wasiucionek. 
588 |a Description based on print version record. 
651 0 |a Europe, Eastern  |x Foreign relations  |z Turkey. 
651 0 |a Europe, Eastern  |x Politics and government. 
651 0 |a Turkey  |x Foreign relations  |z Europe, Eastern. 
651 0 |a Turkey  |x History  |y Ottoman Empire, 1288-1918. 
651 0 |a Turkey  |x Politics and government. 
700 1 |a Kármán, Gábor,  |e editor. 
776 0 8 |i Print version:  |t Tributaries and Peripheries of the Ottoman Empire,   |d Leiden Boston : BRILL, 2020  |w 9789004430549 
830 0 |a The Ottoman Empire and its Heritage ;  |v 70. 
830 0 |a Middle East and Islamic Studies E-Books Online, Collection 2020, ISBN: 9789004405868. 
856 4 |z DOI:   |u http://dx.doi.org/10.1163/9789004430600 
942 |2 lcc  |c EBOOK 
952 |0 0  |1 0  |2 lcc  |4 0  |7 1  |9 22914  |a BRILL  |b BRILL  |d 2021-11-18  |l 0  |r 2021-11-18 00:00:00  |w 2021-11-18  |y EBOOK 
999 |c 40388  |d 40388